Statistics for Come Back... Be Here lyrics

Click here to take the quiz!

General Stats

  • This quiz has been taken 299 times
  • The average score is 265 of 299

Answer Stats

Lyrics% Correct
back
100%
back,
100%
be
100%
Come
100%
here
100%
a
99%
don't
99%
I
99%
In
99%
in
99%
This
99%
this
99%
when
99%
you
99%
You
99%
your
99%
And
97%
and
97%
is
97%
the
97%
The
97%
wanna
97%
you're
97%
like
96%
but
95%
But
95%
feeling
95%
it
95%
London
94%
miss
94%
to
94%
New
93%
sinks
93%
that
93%
York
93%
York,
93%
way,
91%
way
91%
not
90%
'cause
87%
down
87%
know
87%
it's
86%
all
85%
around
85%
break
85%
at
84%
a.m.
83%
fair
83%
need
83%
said
83%
today
83%
day
82%
4
81%
fall
81%
for
81%
love
81%
guess
80%
my
80%
so
80%
are
78%
can
77%
falling
77%
How
77%
me
77%
simple
77%
then
77%
was
77%
took
76%
with
75%
away
74%
just
74%
now,
74%
now
74%
second
74%
mind
73%
One
73%
strange
73%
plane
72%
play
72%
cruelest
71%
last
71%
worlds
71%
about
70%
get
70%
kiss,
70%
faster
69%
If
69%
never
69%
Right
69%
than
69%
what
68%
flight
67%
myself
67%
wish
67%
can't
66%
told
66%
anything
65%
bring
65%
catch
65%
goodbye
65%
I'd
65%
long
65%
much
65%
oh
65%
Oh,
65%
had
64%
Taxi
64%
attached,
63%
known
63%
Spinning
63%
knowing
62%
put
62%
streets
62%
without
62%
would've
62%
busy
61%
cabs
61%
help
58%
nonchalant
58%
played
58%
through
57%
Stumbled
53%
rush
52%
delicate
51%
beginning
50%

Score Distribution

Percentile by Number Answered

Percent of People with Each Score

Your Score History

You have not taken this quiz